000 00570nam a22001817a 4500
005 20251108171048.0
008 250721s9999 xx 000 0 ara d
082 1 4 _a801.951/بور
100 1 _aبورا، س.م
245 1 0 _aالتجربة الخلاقة /
264 _bدار الشؤون الثقافية العامة : وزارة الثقافة و الإعلام،
_c[19-].
300 _a284ص
650 1 7 _aالشعر الحديث
650 1 7 _aتاريخ و نقد
700 1 _aحجاوي، سلافة
_eترجمة
942 _2ddc
_cBK
999 _c55612
_d55612